| 000 | 00371nam a2200145Ia 4500 | ||
|---|---|---|---|
| 008 | 230917s9999||||xx |||||||||||||| ||und|| | ||
| 040 |
_e111493 _aMAIN |
||
| 041 | _aEnglish | ||
| 082 | _a005.43 H242S | ||
| 100 | _aHarris, J Archer | ||
| 245 | 0 | _aSchaum's outline of operating systems | |
| 260 |
_aNew Delhi _bTata McGraw-Hill _c2002 |
||
| 300 | _a234 p. | ||
| 942 | _cBK | ||
| 999 |
_c135804 _d135804 |
||